| Tag |
First Indicator |
Second Indicator |
Subfields |
| LEADER |
00000cas a2200000 4500 |
| 001 |
in00000083035 |
| 005 |
20151008055543.0 |
| 008 |
800303d19421948iluuu m 0uuua0engm |
| 010 |
|
|
|a 42051163
|
| 035 |
|
|
|a (OCoLC)06044491
|
| 035 |
|
|
|9 AAJ3770AM
|
| 040 |
|
|
|a DLC
|c SCW
|d m.c.
|d TXA
|d UtOrBLW
|
| 049 |
|
|
|a TXAE
|
| 050 |
0 |
0 |
|a QC851
|b .C4
|
| 082 |
0 |
|
|a 551.5082
|
| 110 |
2 |
|
|a University of Chicago.
|b Department of Meteorology.
|
| 245 |
1 |
0 |
|a Miscellaneous reports.
|
| 264 |
|
1 |
|a Chicago :
|b Univ. of Chicago Press.
|
| 300 |
|
|
|a 24 nos :
|b charts. ;
|c 28 cm.
|
| 336 |
|
|
|a text
|b txt
|2 rdacontent
|
| 337 |
|
|
|a unmediated
|b n
|2 rdamedia
|
| 338 |
|
|
|a volume
|b nc
|2 rdacarrier
|
| 362 |
0 |
|
|a no.1-24, 1942-1948
|
| 500 |
|
|
|a Nos. 1-15, 1942-44 issued under the department's earlier name Institute of Meteorology.
|
| 500 |
|
|
|a Reproduced from type-written copy.
|
| 650 |
|
0 |
|a Meteorology
|v Periodicals.
|
| 710 |
2 |
|
|a University of Chicago.
|b Department of Meteorology.
|
| 999 |
|
|
|a MARS
|
| 999 |
f |
f |
|s 57edc170-1eb6-3afb-bc15-7aa6e3310864
|i fb41c9c2-f857-3e8c-983a-92a7e925a6d4
|t 0
|
| 952 |
f |
f |
|p ric
|a Texas A&M University
|b Rellis Campus
|c Joint Library Facility
|d Remote Storage
|t 0
|e QC851 .C4
|h Library of Congress classification
|i unmediated -- volume
|k no.1-10
|m A14829224610
|
| 952 |
f |
f |
|p ric
|a Texas A&M University
|b Rellis Campus
|c Joint Library Facility
|d Remote Storage
|t 0
|e QC851 .C4
|h Library of Congress classification
|i unmediated -- volume
|k no.20-24
|m A14829224490
|
| 952 |
f |
f |
|p ric
|a Texas A&M University
|b Rellis Campus
|c Joint Library Facility
|d Remote Storage
|t 0
|e QC851 .C4
|h Library of Congress classification
|i unmediated -- volume
|k no.11-no.16
|m A14829224571
|
| 952 |
f |
f |
|p ric
|a Texas A&M University
|b Rellis Campus
|c Joint Library Facility
|d Remote Storage
|t 0
|e QC851 .C4
|h Library of Congress classification
|i unmediated -- volume
|k no.17-19
|m A14829224539
|
| 998 |
f |
f |
|a QC851 .C4
|s no.1-24 (1942-1948)
|t 0
|l Remote Storage
|